[Event "UzChess Cup Futures 2024"]
[Site "Tashkent UZB"]
[Date "2024.06.14"]
[Round "9.3"]
[White "Begmuratov, Khumoyun"]
[Black "Tiviakov, Sergei"]
[Result "1/2-1/2"]
[WhiteTitle "IM"]
[BlackTitle "GM"]
[WhiteElo "2429"]
[BlackElo "2552"]
[WhiteFideId "14210207"]
[BlackFideId "1008013"]
[EventDate "2024.06.06"]

1. e4 e6 2. d4 d5 3. Nc3 dxe4 4. Nxe4 Nd7 5. Nf3 Ngf6 6. Nxf6+ Nxf6 7. g3 Bd7 8.
Bg2 Bc6 9. O-O Be7 10. Qe2 O-O 11. Rd1 b5 12. c3 Rb8 13. b3 Qc8 14. Bg5 Qb7 15.
Ne1 Bxg2 16. Nxg2 Rfe8 17. Bxf6 Bxf6 18. Nf4 Qc6 19. Nh5 Be7 20. Qe5 Bf8 21.
Rac1 Qf3 22. Nf4 Bd6 23. Qe2 Qxe2 24. Nxe2 c6 25. c4 Kf8 26. Kg2 Rec8 27. f4 Ke7
28. Kf3 a5 29. Rd3 bxc4 30. Rxc4 Rb4 31. Nc3 Rxc4 32. bxc4 Rb8 33. c5 Bc7 34.
Rd2 h5 1/2-1/2

[Event "UzChess Cup Futures 2024"]
[Site "Tashkent UZB"]
[Date "2024.06.14"]
[Round "9.4"]
[White "Saydaliev, Saidakbar"]
[Black "Suyarov, Mukhammadzokhid"]
[Result "1-0"]
[WhiteTitle "IM"]
[BlackTitle "IM"]
[WhiteElo "2448"]
[BlackElo "2430"]
[WhiteFideId "14203693"]
[BlackFideId "14210495"]
[EventDate "2024.06.06"]

1. e4 e6 2. d4 d5 3. e5 c5 4. c3 Nc6 5. Nf3 Bd7 6. Bd3 cxd4 7. O-O dxc3 8. Nxc3
Nge7 9. Re1 a6 10. h4 Nf5 11. Bxf5 exf5 12. Bg5 Be7 13. Nxd5 Be6 14. Bxe7 Qxd5
15. Bd6 Qxd1 16. Raxd1 h6 17. a3 O-O-O 18. Nd4 Kd7 19. Re3 Ke8 20. Rc3 Rc8 21.
Rdc1 Kd7 22. Ne2 f6 23. f4 Bd5 24. Rc5 Bb3 25. Ng3 Ke6 26. R1c3 Ba4 27. exf6
gxf6 28. Nxf5 Bd1 29. Re3+ Kf7 30. Ne7 Rhe8 31. Nxc8 Rxe3 32. f5 Re1+ 33. Kh2
Re8 34. Nb6 Rd8 35. Bg3 Bb3 36. Rc3 Bd5 37. Bc7 1-0

[Event "UzChess Cup Futures 2024"]
[Site "Tashkent UZB"]
[Date "2024.06.14"]
[Round "9.5"]
[White "Madaminov, Mukhiddin"]
[Black "Nikitenko, Mihail"]
[Result "1/2-1/2"]
[WhiteTitle "IM"]
[BlackTitle "GM"]
[WhiteElo "2517"]
[BlackElo "2525"]
[WhiteFideId "14210703"]
[BlackFideId "13506862"]
[EventDate "2024.06.06"]

1. e4 e5 2. Nf3 Nc6 3. Bb5 Nf6 4. d3 Bc5 5. c3 d6 6. Nbd2 Bb6 7. O-O O-O 8. Nc4
h6 9. a4 a6 10. Nxb6 cxb6 11. Bc4 Re8 12. Be3 d5 13. Bxd5 Nxd5 14. exd5 Qxd5 15.
Bxb6 Bf5 16. d4 Bg4 17. h3 Bxf3 18. Qxf3 Qxf3 19. gxf3 exd4 20. Bxd4 Nxd4 21.
cxd4 Rad8 22. Rad1 Rd5 23. Rd3 Red8 24. Rfd1 Kh7 25. Kf1 Kg6 26. Ke2 Kf5 27. Rg1
Rxd4 28. Rxd4 Rxd4 29. Rxg7 Rb4 30. Rxf7+ Kg6 31. Rd7 Rxb2+ 32. Ke3 Rb3+ 33. Ke4
Rb4+ 34. Ke5 Rxa4 35. Rxb7 Ra5+ 36. Kf4 Rf5+ 37. Kg3 Rf7 38. Rb6+ Rf6 39. Rb8
Rc6 40. Ra8 Rb6 41. h4 Rc6 42. f4 Rc3+ 43. f3 Rc6 44. Kg4 h5+ 45. Kg3 Kf5 46.
Rd8 Rg6+ 47. Kf2 Kxf4 48. Rf8+ Ke5 49. Ke3 Rb6 50. Rh8 Rb3+ 51. Kf2 Kf4 52. Rf8+
Ke5 53. Kg3 Rb5 54. f4+ Ke4 55. Re8+ Kd4 56. Kf3 Rb3+ 57. Kg2 Rb2+ 1/2-1/2